000 01642nam a2200313 i 4500
003 DO-SdBNP
005 20240206102110.0
007 ta
008 110413s2020 dr a 000 j spa d
040 _aDO-SdBNP
_bspa
_cBNPHU
_erda
082 _bD159
_222
100 _aDamirón, Anya
_943024
245 1 0 _aTodos bailan /
_cAnya Damirón ; ilustrador Itsrogerd
264 1 _aSanto Domingo :
_bUSAID,
_bUNIBE,
_c2020.
300 _a8 páginas
_c22 cm.
_bIlustraciones
336 _2rdacontent
_atexto
_btxt
337 _2rdamedia
_asin mediación
_bn
338 _2rdacarrier
_avolumen
_bnc
490 1 _aLibros decodificables
_aProyecto leer
_vEtapa D-2
500 _aLos libros decodificables están compuestos de textos redactados con dificultad progresiva. Cada etapa decodificable enfatiza ciertas combinaciones de letras y sonidos tomando en cuenta el orden de frecuencia en la que aparecen en el idioma español, y el nivel de dificultad de la relación letra-sonidos.
500 _aGrafemas anteriores: a, m, e, n, o, s, i, l, u.
500 _aPara docentes y tutores.
520 _aEs la fiesta de fin de curso. Por fin salen todo de vacaciones. La música empieza a sonar y todos quieren bailar. Mina baila con sus manos. Nono baila con sus pies. Fafa se mueve tanto, que su pelo da un gran espectáculo. Sole se mueve completa disfrutando cada sonido. A todos les gusta bailar y celebrar. Se acaba la fiesta y todos se despiden felices. ¡Ya empiezan las vacaciones!
521 _aNivel primario
590 _aInventariado, 2024/ YL
700 _aItsrogerd
_951092
_eilustraciones
910 _aYLockward
942 _2ddc
_cLF2
999 _c55806
_d55806